LEADER 00920nam a2200253 4500 001 000000355822 003 CaOOAMICUS 005 20231018143453.0 008 231018s2003 it 000 u ita r 020 $a88-07-01638-9 040 $aSeMil$bita 100 1 $aDe Luca, Erri,$d<1950- >.$0(OLS)http://semarc/name/18569 245 13$aIl contrario di uno /$cErri De Luca. 264 1$aMilano :$bFeltrinelli,$c2003. 300 $a115 p. ;$c21 cm 490 1 $aI narratori 830 2$aI narratori.$0(OLS)http://semarc/title/426404 850 $aSeMil 852 $aSeMil$W1$xVenegono$y1$m1B IV 185$j244178$B247034$CSeMilBibl$Z2$F247034 $81 961 $aConti don Gildo - Omaggio 996 $6020$a88-07-01638-9$9(OLS)http://semarc/number/299139 996 $6245$aIl contrario di uno$9(OLS)http://semarc/title/446040 996 $6264$aMilano :$bFeltrinelli$9(OLS)http://semarc/publisher/30237 LEADER 01096nam a2200241 i 4500 001 000000088014 003 CaOOAMICUS 005 20180830150027.0 008 180830s1930 xx u000 u und u 013 $a60254 040 $aSeMil$bita 100 1 $aOjetti, Benedetto .$0(OLS)http://semarc/name/90113 245 10$aCommentarium in codicem iuris canonici. Liber secundus. Tomus secundus. 260 $aLuogo non identificato :$bUniversità Gregoriana,$c1930. 300 $a178 p. 650 4$aChiesa cattolica - Clero.$0(OLS)http://semarc/subject/5374 650 4$aDiritto ecclesiastico.$0(OLS)http://semarc/subject/933 650 4$aCelibato ecclesiastico.$0(OLS)http://semarc/subject/1627 650 4$aDiritto canonico.$0(OLS)http://semarc/subject/207 850 $aSeMil 852 $aSeMil$W1$xVenegono$y1$m114 46 2b *$j51395$B51395$CSeMilBibl$Z2$F55613 $81 996 $6245$aCommentarium in codicem iuris canonici. Liber secundus. Tomus secundus$9(OLS)http://semarc/title/133982 996 $6260$aLuogo non identificato :$bUniversità Gregoriana$9(OLS)http://semarc/publisher/43504